Návrh a realizácia geoinformačnej časti informačného systému samosprávy

Guardado en:
Detalles Bibliográficos
Autor principal: Baráth, Juraj (Autor)
Otros Autores: Juhás, Martin (Orientador)
Formato: Manuscrito Libro
Lenguaje:eslovaco
Publicado: 2016
Materias:
Acceso en línea:http://is.stuba.sk/zp/portal_zp.pl?podrobnosti=121927
Etiquetas: Agregar Etiqueta
Sin Etiquetas, Sea el primero en etiquetar este registro!

MARC

LEADER 00000ntm a22000003a 4500
001 stuzp55117
003 SK-STU
005 20160719154706.2
007 ta
008 150427s2015----xo-----f-mn---000-0-slo-d
040 |a STU  |b slo 
041 0 |a slo 
100 1 |a Baráth, Juraj  |u 066000  |k Z4  |4 aut  |U MTF Materiálovotechnologická fakulta  |T MTF Ústav aplikovanej informatiky, automatizácie a mechatroniky  |X 64779  |U M6000  |Y 86  |7 A000064779 
242 0 1 |a Design and implementation of geoinformation part of Information System of self-governance  |y eng 
245 1 0 |a Návrh a realizácia geoinformačnej časti informačného systému samosprávy 
260 |c 2016 
650 4 |a GIS  |2 slo 
650 4 |a Informačný systém  |2 slo 
650 4 |a Samospráva  |2 slo 
650 4 |a Mapa  |2 slo 
650 4 |a GIS  |2 eng 
650 4 |a Information system  |2 eng 
650 4 |a Self-governance  |2 eng 
650 4 |a Map  |2 eng 
700 1 |a Juhás, Martin  |u 066000  |k Z1  |4 ths  |U MTF Materiálovotechnologická fakulta  |T MTF Ústav aplikovanej informatiky, automatizácie a mechatroniky  |X 2855  |U M6000  |Y 86  |7 A000002855 
856 4 |u http://is.stuba.sk/zp/portal_zp.pl?podrobnosti=121927 
996 |c M* DP-12930  |l MMSKP  |s P  |a 0  |w stuzp55117_0001 
SQL |a stuzp55117  |b DDP  |c SLO  |d Návrh a realizácia geoinformačnej časti informačného systému samosprávy  |e 64779  |f Baráth, Juraj  |g 066000  |h 2855  |i Juhás, Martin  |j 20160601  |k 965  |l 06  |m http://is.stuba.sk/zp/portal_zp.pl?podrobnosti=121927  |n I-AIPP  |o 5.2.14. automatizácia